CONTINGENT CAPITAL SHORT TERM INVESTORS (Record no. 28198)

MARC details
000 -LEADER
fixed length control field 00350nam a2200133Ia 4500
008 - FIXED-LENGTH DATA ELEMENTS--GENERAL INFORMATION
fixed length control field 240624s9999 xx 000 0 und d
041 ## - LANGUAGE CODE
Language code of text/sound track or separate title eng
082 ## - DEWEY DECIMAL CLASSIFICATION NUMBER
Classification number 332.67253 GOY
100 ## - MAIN ENTRY--PERSONAL NAME
Personal name GOYER MICHEL
245 ## - TITLE STATEMENT
Title CONTINGENT CAPITAL SHORT TERM INVESTORS
260 ## - PUBLICATION, DISTRIBUTION, ETC.
Date of publication, distribution, etc. 2011
Place of publication, distribution, etc. New Delhi
Name of publisher, distributor, etc. Oxford
300 ## - PHYSICAL DESCRIPTION
Extent xiv, : 209 : p. : cm. ; 22
365 ## - TRADE PRICE
Currency code BPS
Price amount 38
Holdings
Withdrawn status Lost status Damaged status Not for loan Home library Current library Shelving location Date acquired Source of acquisition Cost, normal purchase price Full call number Barcode Date last seen Copy number Price effective from Koha item type
        IMTN IMTN Rack 12-B 12/16/2016 BKI 53.00 332.67253 GOY 28198 06/24/2024 88.9 06/24/2024 Books
Designed & Maintained by: LRC IMT Nagpur Contact: lrc@imtnag.ac.in© 2024. All Rights Reserved.